000 00531nam a2200169Ia 4500
005 20250508155623.0
008 008 250505s9999 xx 000 0 eng d
037 _aTextual
040 _aFEDL
_beng
_cFEDL
041 _aeng
_2eng
084 _a378.54058, NAT
_qFEDL
245 0 _aYear book of the national institute of sciences of India 1966
260 _aNew Delhi, India
_bNational Institute of Sciences of India
_c1966
300 _axi,250p.
942 _cTEXL
_h378.54058, NAT
999 _c1358275
_d1358275